000 01136nam0a2200265 4500
001 RU\NLR\bibl\443746
005 20260407091212.0
035 _a(NLR Aleph) 000437449
090 _a792857
_c792857
100 _a20031007d2001 |||y0rusy50 ca
101 1 _arus
102 _aRU
105 _ay |||||||||
200 1 _aОрганизация Объединенных Наций. Декларация тысячелетия
_e[Материалы
_eПер.]
_fСаммит тысячелетия, Нью-Йорк, 6-8 сент. 2000 г.
210 _aМ.
_cИнформ. центр ООН
_d2001
215 _a15 с.
_d22
601 0 2 _a"Объединенные Нации", организация
_jДокументы и материалы
_91093789
_3RU\NLR\auth\66110350
601 0 2 _aООН
_jДокументы и материалы
_92101460
_3RU\NLR\auth\661270891
686 _aТ3(0)63-612.11,011
711 0 2 _aООН
_bСаммит тысячелетия
_f2000
_eНью-Йорк
_3RU\NLR\AUTH\8810048830
_9597725
801 0 _aRU
_bNLR
_c20031007
_gPSBO
801 1 _aRU
_bNLR
_c20031007
942 _cBOOK
980 _aNB